LEADER 00862nam0-22003011i-450- 001 990003906880403321 005 20100303104621.0 010 $a88-15-07574-7 035 $a000390688 035 $aFED01000390688 035 $a(Aleph)000390688FED01 035 $a000390688 100 $a20030910d2000----km-y0itay50------ba 101 0 $aita 102 $aIT 200 1 $a<>fondi pensione$egli strumenti della nuova previdenza, per avere sia l'uovo oggi che la gallina domani$fRiccardo Cesari 210 $aBologna$cIl Mulino$d2000 215 $a127 p.$d21 cm 700 1$aCesari,$bRiccardo$f<1958- >$0118647 801 0$aIT$bUNINA$gRICA$2UNIMARC 901 $aBK 912 $a990003906880403321 952 $aL-91-TB$b7659$fECA 952 $aDPR 30-268$b18374$fDEC 959 $aECA 959 $aDEC 996 $aFondi pensione$965035 997 $aUNINA LEADER 01314nam0-22004091i-450- 001 990005512700203316 005 20031029120000.0 035 $a000551270 035 $aUSA01000551270 035 $a(ALEPH)000551270USA01 035 $a000551270 100 $a20031029d2002-------|0itac50------ba 101 $aita 102 $aIT 105 $a||||I ||||| 200 1 $aValore aggiunto ai prezzi di base dell'agricoltura per regione$eanni 1996-2001$fIstituto centrale di statistica 210 $aRoma$cIstat$d2002 215 $a146 p.$ctab.$d26 cm.$e1 dischetto da 3.5" 225 2$aInformazioni$v40 311 $a2002$9USA5617 410 0$12001$aInformazioni$v40 606 $aValore aggiunto$xagricoltura$xItalia$2FI 620 $dRoma 676 $a339.34$cConti e contabilità del prodotto di un paese$v21 712 02$aIstituto centrale di statistica 712 $aistat 801 $aIT$bSOL$c20120104 912 $a990005512700203316 950 $aDIP.TO SCIENZE ECONOMICHE - (SA)$dDS 300 339.34 ist$e2002 DISES 951 $a300 339.34 ist$b571 DISES 959 $aBK 969 $aDISES 979 $c20121027$lUSA01$h1532 979 $c20121027$lUSA01$h1613 996 $aValore aggiunto ai prezzi di base dell'agricoltura per regione$91129013 997 $aUNISA NUM $aUSA12423